Shikshar samajtattwik vitti/ (Record no. 9921)

MARC details
000 -LEADER
fixed length control field 00690cam a2200241ua 4500
005 - DATE AND TIME OF LATEST TRANSACTION
control field 20260515114709.0
008 - FIXED-LENGTH DATA ELEMENTS--GENERAL INFORMATION
fixed length control field 190801n ii |||gr||||Z||||||asm
020 ## - INTERNATIONAL STANDARD BOOK NUMBER
International Standard Book Number 9789381784051
040 ## - CATALOGING SOURCE
Transcribing agency MAIN
Original cataloging agency IN-DiNC
041 ## - LANGUAGE CODE
Language code of sung or spoken text asm
082 ## - DEWEY DECIMAL CLASSIFICATION NUMBER
Classification number 370.115
Item number CHA
100 ## - MAIN ENTRY--PERSONAL NAME
Personal name Chaliha, Beda Kumar
Relator term author
245 ## - TITLE STATEMENT
Title Shikshar samajtattwik vitti/
Statement of responsibility, etc. By Beda Kumar Chaliha
250 ## - EDITION STATEMENT
Edition statement 9th rev. ed.
260 ## - PUBLICATION, DISTRIBUTION, ETC.
Place of publication, distribution, etc. Jorhat:
Name of publisher, distributor, etc. Bidy bhawan,
Date of publication, distribution, etc. 2019.
300 ## - PHYSICAL DESCRIPTION
Extent 436p.
650 ## - SUBJECT ADDED ENTRY--TOPICAL TERM
Topical term or geographic name entry element Sociological foundations of education
653 ## - INDEX TERM--UNCONTROLLED
Uncontrolled term Education
653 ## - INDEX TERM--UNCONTROLLED
Uncontrolled term Sociological foundation of education
700 ## - ADDED ENTRY--PERSONAL NAME
Personal name Saikia, Tarun
Relator term author
700 ## - ADDED ENTRY--PERSONAL NAME
Personal name Saikia, Runu Bora
Relator term author
942 ## - ADDED ENTRY ELEMENTS (KOHA)
Koha item type Books
Source of classification or shelving scheme Dewey Decimal Classification
Holdings
Withdrawn status Lost status Source of classification or shelving scheme Damaged status Not for loan Collection Home library Current library Shelving location Date acquired Cost, normal purchase price Total checkouts Full call number Barcode Date last seen Date last checked out Copy number Price effective from Koha item type
    Dewey Decimal Classification       Naharkatiya College Library Naharkatiya College Library General stacks 09/19/2020 360.00 10 370.115 CHA 28024 11/03/2021 11/03/2021 1 09/19/2020 Books
    Dewey Decimal Classification       Naharkatiya College Library Naharkatiya College Library General stacks 09/19/2020 360.00 27 370.115 CHA 28025 12/07/2022 11/16/2022 2 09/19/2020 Books
    Dewey Decimal Classification       Naharkatiya College Library Naharkatiya College Library General stacks 09/19/2020 360.00 40 370.115 CHA 28026 11/22/2025 11/15/2025 3 09/19/2020 Books
    Dewey Decimal Classification       Naharkatiya College Library Naharkatiya College Library General stacks 09/19/2020 360.00 31 370.115 CHA 28027 08/29/2025 08/08/2025 4 09/19/2020 Books
    Dewey Decimal Classification       Naharkatiya College Library Naharkatiya College Library General stacks 09/19/2020 360.00 26 370.115 CHA 28028 07/20/2024 06/29/2024 5 09/19/2020 Books
    Dewey Decimal Classification       Naharkatiya College Library Naharkatiya College Library General stacks 11/17/2021 300.00 18 370.115 CHA 28722 08/01/2023 08/01/2023 6 11/17/2021 Books
    Dewey Decimal Classification       Naharkatiya College Library Naharkatiya College Library General stacks 08/29/2023 360.00 10 370.115 CHA 29529 12/06/2025 10/29/2025 7 08/29/2023 Books
    Dewey Decimal Classification       Naharkatiya College Library Naharkatiya College Library General stacks 08/29/2023 360.00 11 370.115 CHA 29530 12/06/2025 10/29/2025 8 08/29/2023 Books